000 01371nam a22003377a 4500
003 DO-SdBNP
005 20251120073733.0
007 ta
008 210322b 2020 dr a 00| 0 eng d
020 _a9789945603736
040 _aDO-SdBNP
_bspa
_cBNPHU
082 4 _a230
_bM475c
_222
100 1 _aMaza Miquel, Manuel Pablo,
_d1945-
_910881
245 1 0 _aQuince siglos de cristianismo :
_bdesde Jesús de Nazaret a la caída de Constantinopla (1453) /
_cManuel Pablo Maza Miquel ; edición al cuidado: Carmen Quintero Iglesias.
246 1 _aXV siglos de cristianismo desde Jesús de Nazaret a la caída de Constantinopla (1453)
260 _aSantiago de los Caballeros
_bPUCMM,
_bAmigo del Hogar,
_c2020.
300 _a402 p. :
_bil., retrs.
_c23 cm.
490 _aEnsayo
500 _aIncluye datos biográficos del autor en las solapas
500 _aIncluye referencias bibliográficas y notas al pie de las páginas.
504 _aBibliografía: p. 385-392
590 _aInventariado, 2021 /LP
600 0 0 _aJesucristo
_9444
650 0 _aCristianismo
_xHistoria
_9885
700 1 _aQuintero Iglesias, Carmen,
_eedición
_978191
710 2 _aPontificia Universidad Católica Madre y Maestra
_9843
711 2 _aConcilio de Nicea
_d(325 :
_cNicea, Turquia)
_981091
830 0 _aEnsayo
_93177
910 _aLopérez. Validado, 2022/MFF
942 _2ddc
_cLBS1
999 _c49633
_d49633